Hablando con franqueza sobre temas de Moral

Gespeichert in:
Bibliographische Detailangaben
1. Verfasser: Orr, J. Edwin
Format: Buch
Sprache:Spanisch
Veröffentlicht: Clie. c1980.
Schlagworte:
Tags: Tag hinzufügen
Keine Tags, Fügen Sie den ersten Tag hinzu!

MARC

LEADER 00000nam a22000005a 4500
001 3583
003 CL-ChBUA
005 20120815102830.0
008 070301s1980 sp 000 0 spa
020 |a 8472285065 
040 |a CL-ChBUA  |c CL-ChBUA 
082 0 0 |a 370.14 
090 |c 3583  |d 3583 
100 1 |a Orr, J. Edwin. 
245 1 0 |a Hablando con franqueza sobre temas de Moral 
260 |b Clie.  |c c1980. 
300 |a 171 p.  |c 17 cm. 
504 |a Indice. 
650 4 |a EDUCACION MORAL. 
942 |c LIB 
952 |0 0  |1 0  |4 0  |7 0  |9 5319  |a UNACH  |b UNACH  |c 300  |d 2007-03-05  |i 29.133.  |l 0  |o 370.14 / Or 75.  |p 6318  |r 2012-12-27 00:00:00  |u 5319  |w 2012-08-08  |y LIB  |k 370.14 / Or 75. 
999 |c 3583  |d 3583